Kanto and Johto Pokémon by Animal Inspiration - Statistics

General Stats
  • This quiz has been taken 10 times
  • The average score is 21 of 94
Answer Stats
Answer Inspired % Correct
Turtle Squirtle, Wartortle, Blastoise
100%
Frog Bulbasaur, Ivysaur, Venusaur
80%
Frog Politoed
80%
Pidgeon Pidgey, Pidgeotto, Pidgeot
80%
Tadpole Poliwag, Poliwhirl, Poliwrath
80%
Axolotl Wooper
60%
Bee Weedle, Kakuna, Beedrill
60%
Boar Swinub, Piloswine
60%
Butterfly Caterpie, Metapod, Butterfree
60%
Cat Meowth, Persian
60%
Chameleon Charmeleon
60%
Giant Salamander Quagsire
60%
Mouse Pikachu, Raichu
60%
Rat Rattata, Raticate
60%
Salamander Charmander
60%
Sparrow Spearow, Fearow
60%
Bull Tauros
40%
Cow Miltank
40%
Dog Growlithe, Arcanine
40%
Dog Snubbull, Granbull
40%
Dog Houndour, Houndoom
40%
Dog Smeargle
40%
Mouse Pichu
40%
Mouse Marill
40%
Shrew Sandshrew, Sandslash
40%
Snake Ekans, Arbok
40%
Snake Onix
40%
Snake Steelix
40%
Starfish Staryu, Starmie
40%
Anglerfish Chinchou, Lanturn
20%
Bear Snorlax
20%
Bear Teddiursa, Ursaring
20%
Carp Goldeen, Seaking
20%
Carp Magikarp
20%
Duck Psyduck, Golduck
20%
Duck Psyduck, Golduck
20%
Duck Farfetch'd
20%
Duck Porygon
20%
Duck Porygon2
20%
Fox Vulpix, Ninetales
20%
Gnat Venonat
20%
Human Hitmonchan
20%
Human Mr. Mime
20%
Human Jynx
20%
Jellyfish Tentacool, Tentacruel
20%
Kangaroo Kangaskhan
20%
Mole Diglett, Dugtrio
20%
Moth Venomoth
20%
Octopus Octillery
20%
Pufferfish Qwilfish
20%
Rabbit Azumarill
20%
Sauropod Chikorita, Bayleef, Meganium
20%
Seahorse Horsea, Seadra
20%
Seahorse Kingdra
20%
Sheep Mareep, Flaaffy, Ampharos
20%
Tiger Raikou
20%
Bagworm Pineco, Forretress
0%
Bat Zubat, Golbat
0%
Bat Crobat
0%
Beetle Pinsir
0%
Bivalve Shellder, Cloyster
0%
Cicada Paras, Parasect
0%
Coral Corsola
0%
Crab Krabby, Kingler
0%
Crow Murkrow
0%
Deer Sawsbuck
0%
Dragonfly Yanma
0%
Dugong Dewgong
0%
Elephant Phanpy, Donphan
0%
Ferret Sentret, Furret
0%
Giraffe Girafarig
0%
Hercules Beetle Heracross
0%
Honeybadger Typhlosion
0%
Horse Ponyta, Rapidash
0%
Ladybird Ledyba, Ledian
0%
Macaque Mankey, Primeape
0%
Manta Ray Mantine
0%
Mantis Scyther
0%
Mantis Scizor
0%
Monkey Aipom
0%
Nautilus Omanyte, Omastar
0%
Owl Hoothoot, Noctowl
0%
Penguin Delibird
0%
Plesiosaur Lapras
0%
Pterodactyl Aerodactyl
0%
Remora Remoraid
0%
Rhino Rhyhorn, Rhydon
0%
Scorpion Gilgar
0%
Seal Seel
0%
Slug Slugma
0%
Snail Magcargo
0%
Spider Spinarak, Ariados
0%
Tapir Drowzee, Hypno
0%
Trilobite Kabuto, Kabutops
0%
No matching quizzes found
Score Distribution
Percent of People with Each Score
Percentile by Number Answered
Your Score History
You have not taken this quiz